|
|
|
|
| LEADER |
00000nta a2200000 i 4500 |
| 001 |
dolg15824 |
| 005 |
20181029105610.0 |
| 008 |
180512suuuu hu om 000 hun d |
| 040 |
|
|
|a BGE Dolgozattár Repozitórium
|b hun
|
| 041 |
|
|
|a hu
|
| 100 |
1 |
|
|a Szénásy Dr. Andrea
|
| 245 |
1 |
0 |
|a Magatartászavarok kezelése az iskolában
|c Szénásy Dr. Andrea
|h [elektronikus dokumentum]
|
| 520 |
3 |
|
|a Dolgozatomban a magatartászavaros diákokkal foglalkozom. A szakirodalmi áttekintés után bemutatom az iskolámat, ahol jelenleg dolgozom, vizsgálva az ottani diákokat. Kutatásomban kérdőíves megkereséssel vizsgálom a tanárok véleményét, hozzáállását a problémához és interjút készítettem az iskolai pszichológusunkkal és egy magatartászavaros diákkal, hogy ő miben látja a magatartászavarának kialakulását, hogyan érzi magát, miben lehetne segíteni számára.
|
| 695 |
|
|
|a magatartászavar
|
| 695 |
|
|
|a középiskola
|
| 700 |
1 |
|
|a Thuma Dr. Orsolya
|e ths
|
| 856 |
4 |
0 |
|u http://dolgozattar.uni-bge.hu/15824/1/Szakdolgozat.pdf
|z Dokumentum-elérés
|